000 00216nam a22001097a 4500
082 _a894.812
_bNAM/V
100 _aNAMBOOTHIRI , SDP
245 _aVEDIVATTAM
250 _aFIRST
650 _aSTORY
_zKERALA
942 _cBK
999 _c1638
_d1638